00419nam a22001337a 4500003000500000005001700005008004100022040000900063082001200072100009100084245008200175260001900257300000900276NUST20170926153515.0170926b xxu||||| |||| 00| 0 eng d cNUST a351 BPA aKhan,Natasha, Ali,Neeha, Zaheer,Hafsah, Aftab,Anam, Khan,Sardar Abdul Ali & Hadi,Abdul aChina Pakistan economic corridor: implications on regional peace and security aIslambadc2016 a119p